Intermediate accounting 2019 : (Record no. 1833)

MARC details
000 -LEADER
fixed length control field 00577nam a22001817a 4500
003 - CONTROL NUMBER IDENTIFIER
control field OSt
005 - DATE AND TIME OF LATEST TRANSACTION
control field 20240702084547.0
008 - FIXED-LENGTH DATA ELEMENTS--GENERAL INFORMATION
fixed length control field 240702b |||||||| |||| 00| 0 eng d
020 ## - INTERNATIONAL STANDARD BOOK NUMBER
International Standard Book Number 978621416068
040 ## - CATALOGING SOURCE
Original cataloging agency DWC- Main Lib
Transcribing agency OC
082 ## - DEWEY DECIMAL CLASSIFICATION NUMBER
Classification number Fil. 657.004 V172i 2019
100 ## - MAIN ENTRY--PERSONAL NAME
Personal name Valix, Conrado T., BSC, LLB
245 ## - TITLE STATEMENT
Title Intermediate accounting 2019 :
Remainder of title Volume 2 /
Statement of responsibility, etc. Conrado T., BSC, LLB Valix.
260 ## - PUBLICATION, DISTRIBUTION, ETC.
Place of publication, distribution, etc. Manila, Philippines:
Name of publisher, distributor, etc. GIC Enterprises & CO., Inc.
Date of publication, distribution, etc. c2019.
300 ## - PHYSICAL DESCRIPTION
Extent 932 pages :
Other physical details illustrations;
Dimensions 23cm.
650 ## - SUBJECT ADDED ENTRY--TOPICAL TERM
Topical term or geographic name entry element 1. Accounting
942 ## - ADDED ENTRY ELEMENTS (KOHA)
Source of classification or shelving scheme Dewey Decimal Classification
Koha item type Book-Filipiniana
Suppress in OPAC Yes

No items available.